Preghiamo con Teresa di Calcutta (Record n. 102500)

Dettagli MARC
000 -LEADER
fixed length control field 01801njm a2200301Ia 4500
001 - CONTROL NUMBER
control field H8629
003 - CONTROL NUMBER IDENTIFIER
control field IT-RoPAU
005 - DATE AND TIME OF LATEST TRANSACTION
control field 20220918181155.0
008 - FIXED-LENGTH DATA ELEMENTS--GENERAL INFORMATION
fixed length control field 131025s9999 xx 000 0 und d
040 ## - CATALOGING SOURCE
Original cataloging agency IT-RoPAU
040 ## - CATALOGING SOURCE
Transcribing agency IT-RoPAU
041 ## - LANGUAGE CODE
Language code of text/sound track or separate title ITALIANO
999 ## - SYSTEM CONTROL NUMBERS (KOHA)
Koha Dewey Subclass [OBSOLETE] n.d.
100 ## - MAIN ENTRY--PERSONAL NAME
Personal name AA.VV.
9 (RLIN) 794
100 ## - MAIN ENTRY--PERSONAL NAME
Relator term Autore musica
9 (RLIN) 33688
100 ## - MAIN ENTRY--PERSONAL NAME
Miscellaneous information Codice autore musica SPICS: 12000
9 (RLIN) 796
245 ## - TITLE STATEMENT
Title Preghiamo con Teresa di Calcutta
250 ## - EDITION STATEMENT
Edition statement 1a ed.
260 ## - PUBLICATION, DISTRIBUTION, ETC. (IMPRINT)
Place of publication, distribution, etc. MILANO
260 ## - PUBLICATION, DISTRIBUTION, ETC. (IMPRINT)
Name of publisher, distributor, etc. MULTIMEDIA SAN PAOLO
Date of publication, distribution, etc. 2008 [1a Ed.:2008]
300 ## - PHYSICAL DESCRIPTION
Extent COMPACT DISC
500 ## - GENERAL NOTE
General note Parlato con sottofondo musicale e stacchi musicali. Religioso. File Mp3.
505 ## - FORMATTED CONTENTS NOTE
Formatted contents note Dio ha un volto (pensieri e preghiere) - Credere oggi - Sofferenza - Amore comincia nella casa paterna - Testimonianza - Poveri - Amate la preghiera - Siate santi - Gioia - E suoi non lo riconobbero - Madonna. Via Crucis meditata: 1 stazione, Gesù condannato a morte - 2 stazione, Gesù è caricato della croce - 3 stazione, Gesù cade per la prima volta - 4 stazione, Gesù incontra la madre - 5 stazione, Gesù aiutato da Simone di Cirene - 6 stazione, la Veronica asciuga il volto di Gesù - 7 stazione, Gesù cade per la seconda volta - 8 stazione, Gesù consola le donne di Gerusalemme - 9 stazione, Gesù cade per la terza volta - 10 stazione, Gesù è spogliato delle vesti - 11 stazione, Gesù è inchiodato sulla croce - 12 stazione, Gesù muore sulla croce - 13 stazione, Gesù è deposto dalla croce - 14 stazione, Gesù è deposto nel sepolcro.
511 ## - PARTICIPANT OR PERFORMER NOTE
Participant or performer note Dizione di Masina Giulietta, Salerno Franca, Nardacci Benedetto
650 ## - SUBJECT ADDED ENTRY--TOPICAL TERM
Topical term or geographic name as entry element RELIGIOSO [COMPACT DISC]
Relator term Codice MATERIA SPICS: 9949
9 (RLIN) 14031
700 ## - ADDED ENTRY--PERSONAL NAME
Personal name Masina Giulietta
Miscellaneous information Codice interprete SPICS: 4052
Relator term Interprete
9 (RLIN) 33689
942 ## - ADDED ENTRY ELEMENTS (KOHA)
Koha item type CD AUDIO
Source of classification or shelving scheme Dewey Decimal Classification
Dati di copia
Withdrawn status Lost status Damaged status Not for loan Home library Current library Date acquired Total Checkouts Full call number Date last seen Price effective from Koha item type Public note
    Buone Condizioni Not For Loan SPICS-MEDIATECA SPICS-MEDIATECA 25/10/2013   H8629 25/10/2013 25/10/2013 CD AUDIO Progr. Ins.: 23174 / N.Vol.: 1 / Copie: 1 - Copia rara: n.d. / date import: 01.01.2014 - By Epidotti, Trombetti, Vaglietti
CREDITS: SOCIETA' SAN PAOLO Via A.Severo, 58 - ROMA (RM) & PERIODICI SAN PAOLO SRL Via Giotto, 36 MILANO & CISF Via Giotto, 36 MILANO & EDIZIONI SAN PAOLO SRL,  Piazza Soncino, 5 CINISELLO BALSAMO (MI) -- ITALY